00434nam a22001697a 4500003000400000005001700004008004100021020001800062040000800080084002500088100001500113245004000128250001200168260005800180300001000238650001600248OSt20260421104215.0260421b |||||||| |||| 00| 0 eng d a9789360741846 ckul 2Colon Classification aJ N Kapoor aMathematical ModellingcJ.N. Kapoor a4th ed. aNew Delhi:bNew Age International (P) Limited,c2026. a273p. aMathematics